000 02454nam0a2200349 4500
001 RU\NLR\BIBL_A\012086350
005 20190919151128.0
010 _a978-5-88575-551-1
_9100
021 _aRU
_bКН-П-19-056017
_9КН-П-19-4029
035 _a(NLR Aleph) 012086350
035 _a(RuMoRGB)010051725
090 _a11830936
_c11830936
100 _a20190903d2018 u y0rusy50 ca
101 0 _arus
102 _aRU
105 _ay|||j|||000zy
200 1 _aНалоги и налогообложение
_eучебное пособие
_e[для студентов высших учебных заведений, обучающихся по направлениям подготовки 38.03.11 Экономика и 38.03.04 Государственное и муниципальное управление]
_fЮ. Ю. Газизьянова, Ю. Н. Кудряшова, Т. Г. Лазарева, Л. С. Уварова
_gМинистерство сельского хозяйства Российской Федерации, Федеральное государственное бюджетное образовательное учреждение высшего образования "Самарская государственная сельскохозяйственная академия"
210 _aКинель
_cСамарская ГСХА
_d2018
215 _a174 с.
_cил., табл.
_d20
320 _aБиблиогр.: с. 168-169 (17 назв.)
320 _aАлф.-предм. указ.: с. 170-171
606 1 _aНалоговое обложение
_jУчебные издания для высших учебных заведений
_yРоссийская Федерация
_92081365
_3RU\NLR\AUTH\661257343
686 1 _aУ26(2)141.3я73
701 1 _aГазизьянова
_bЮ. Ю.
_cканд. экон. наук
_gЮлия Юнусовна
_9190232
_3RU\NLR\AUTH\770190283
701 1 _aКудряшова
_bЮ. Н.
_cканд. экон. наук
_gЮлия Николаевна
_9167771
_3RU\NLR\AUTH\770167819
701 1 _7ca
_8rus
_aЛазарева
_bТ. Г.
_cканд. экон. наук
_gТатьяна Георгиевна
_9168725
_3RU\NLR\AUTH\770168775
701 1 _aУварова
_bЛ. С.
_cканд. экон. наук
_gЛюдмила Серафимовна
_9190236
_3RU\NLR\AUTH\770190287
942 _cBOOK
980 _aNBR
980 _aNB